000 00644nam a2200205 i 4500
001 62103
003 ES-MaACL
005 20251009063051.0
007 t|
008 031118s1966 sp ||||1| spa d
100 1 _aFauré, Gabriel,
_d1845-1924
_9137931
245 1 0 _aVenecia /
_cGabriel Faure ; sobrecubierta de Yves Brayer ; [traducción de Rafael Ballester].
250 _a[1ª ed.].
260 _aBarcelona :
_bJuventud,
_c[1966]
300 _a212 p., 26 lám. :
_bil. ;
_c23 cm.
700 1 _aBrayer, Yves.
_931528
700 1 _aBallester, Rafael.
_925006
852 _aES-MaACL
_jC-34364
_bR.64860
999 _c62103
_d62103